ARRUPE JESUIT UNIVERSITY

CORONAVIRUS -STOP THE SPREAD - CLEAN,DISINFECT,COVER

Discussions of the Canterbury tales. (Record no. 127811)

MARC details
000 -LEADER
fixed length control field 00911cam a22002651 4500
001 - CONTROL NUMBER
control field 1222320
003 - CONTROL NUMBER IDENTIFIER
control field ARRUPE
005 - DATE AND TIME OF LATEST TRANSACTION
control field 20180327095131.0
008 - FIXED-LENGTH DATA ELEMENTS--GENERAL INFORMATION
fixed length control field 730220s1961 mau 000 0 eng
010 ## - LIBRARY OF CONGRESS CONTROL NUMBER
LC control number 61003444
040 ## - CATALOGING SOURCE
Original cataloging agency DLC
Transcribing agency DLC
Modifying agency DLC
050 00 - LIBRARY OF CONGRESS CALL NUMBER
Classification number PR1874
Item number .O9
082 00 - DEWEY DECIMAL CLASSIFICATION NUMBER
Classification number 821.1
300 ## - PHYSICAL DESCRIPTION
Dimensions 24 cm.
100 1# - MAIN ENTRY--PERSONAL NAME
Personal name Owen, Charles A.
Fuller form of name (Charles Abraham),
Dates associated with a name 1914-
Relator term ed.
9 (RLIN) 41093
245 00 - TITLE STATEMENT
Title Discussions of the Canterbury tales.
Statement of responsibility, etc Edited with an introd. by Charles A. Owen, Jr.
260 ## - PUBLICATION, DISTRIBUTION, ETC. (IMPRINT)
Place of publication, distribution, etc Boston,
Name of publisher, distributor, etc D.C. Heath and Company
Date of publication, distribution, etc [1961]
300 ## - PHYSICAL DESCRIPTION
Extent 110 p.
490 0# - SERIES STATEMENT
Series statement Discussions of literature
600 10 - SUBJECT ADDED ENTRY--PERSONAL NAME
Personal name Chaucer, Geoffrey,
Dates associated with a name -1400.
Title of a work Canterbury tales.
9 (RLIN) 41094
650 #0 - SUBJECT ADDED ENTRY--TOPICAL TERM
Topical term or geographic name as entry element Christian pilgrims and pilgrimages in literature.
9 (RLIN) 41095
650 #0 - SUBJECT ADDED ENTRY--TOPICAL TERM
Topical term or geographic name as entry element Tales, Medieval
General subdivision History and criticism.
9 (RLIN) 41096
650 #0 - SUBJECT ADDED ENTRY--TOPICAL TERM
Topical term or geographic name as entry element Storytelling in literature.
9 (RLIN) 41097
906 ## - LOCAL DATA ELEMENT F, LDF (RLIN)
a 7
b cbc
c orignew
d u
e ocip
f 19
g y-gencatlg
942 ## - ADDED ENTRY ELEMENTS (KOHA)
Source of classification or shelving scheme Library of Congress Classification
Koha item type Monograph ( Printed materials)
Holdings
Withdrawn status Lost status Source of classification or shelving scheme Damaged status Not for loan Collection code Home library Current library Shelving location Date acquired Total Checkouts Full call number Barcode Date last seen Price effective from Koha item type
    Library of Congress Classification     Main Collection ARRUPE LIBRARY ARRUPE LIBRARY Main Collection 27/03/2018   PR1874 .O9 46600001940 27/03/2018 27/03/2018 Monograph ( Printed materials)

 

Arrupe Library. PO Box MP320 Mt Pleasant, Harare, Zimbabwe
263 242 745411|librarian@aju.ac.zw